Normal view
MARC view
Entry Personal Name
001 - CONTROL NUMBER
- control field: 4237
003 - CONTROL NUMBER IDENTIFIER
- control field: BD-RjUL
005 - DATE AND TIME OF LATEST TRANSACTION
- control field: 20220802162156.0
008 - FIXED-LENGTH DATA ELEMENTS
- fixed length control field: 220802|| aca||aabn | a|a d
040 ## - CATALOGING SOURCE
- Original cataloging agency: BD-RjUL
- Transcribing agency: BD-RjUL
100 ## - HEADING--PERSONAL NAME
- Personal name: Karmokar, Provash, Kumar, Supervisor
670 ## - SOURCE DATA FOUND
- Source citation: Work cat.: (BD-RjUL)80157: Kundu, Ranjan Kumar 4234, Investigating the trend and impact of some variables on HYV Boro Rice production in Northern Region of Bangladesh /, 2011